|
|
|
|
| LEADER |
00000cam a2200000 7i4500 |
| 001 |
0000005948 |
| 002 |
000006423 |
| 005 |
20000330.0 |
| 020 |
|
|
|a 1855012200
|
| 090 |
0 |
0 |
|a 796.3523
|b LEW
|
| 100 |
1 |
|
|a Lewis, Beverly
|
| 245 |
1 |
0 |
|a Curing common faults [
|h Remesy those costly shots]
|c Beverly Lewis
|
| 260 |
|
|
|a London :
|b Tiger Books ,
|c 1992
|
| 300 |
|
|
|a 80p. :
|b illus ;
|c 22cm.
|
| 490 |
0 |
|
|a Play Better Golf
|
| 650 |
0 |
0 |
|a Golf(Tactics of play)
|
| 999 |
|
|
|a 030973
|b BUKU
|c PINJAMAN
|e PERPUSTAKAAN KOMUNITI PETALING JAYA
|
| 999 |
|
|
|a 030974
|b BUKU
|c PINJAMAN
|e PERPUSTAKAAN KOMUNITI PETALING JAYA
|